| 000 | 00830nam a2200217 a 4500 | ||
|---|---|---|---|
| 005 | 20231128063633.0 | ||
| 008 | 010522s1996 mx r 000 0 spa d | ||
| 020 | _a9682952557 | ||
| 035 | _aUPN01000106629 | ||
| 049 | _aCG | ||
| 050 | 4 |
_aF1219.1 O1.1 _bP5.8 |
|
| 100 | 1 |
_aBartolomé, Miguel Alberto, _d1945- _931277 |
|
| 245 | 1 | 3 |
_aLa pluralidad en peligro : _bprocesos de transfiguración y extinción cultural en Oaxaca (chochos, chontales, ixcatecos y zoques) / _cMiguel Alberto Bartolomé, Alicia Mabel Barabás. |
| 260 |
_aMéxico : _bINAH : _bINI, _c1996. |
||
| 300 | _a329 p. | ||
| 440 | 0 |
_aRegiones de México. _pAntropología |
|
| 650 | 4 |
_aIndígenas de México _zOaxaca _914859 |
|
| 650 | 4 |
_aIndígenas de México _xAsimilación cultural _9600 |
|
| 700 | 1 |
_aBarabás Reina, Alicia Mabel, _ecoaut. _931282 |
|
| 905 | _aLibro | ||
| 999 |
_c80541 _d80541 |
||